[Event "SLO-ch U14 Girls"]
[Site "Postojna"]
[Date "2008.02.26"]
[Round "3"]
[White "Tihole, Petra"]
[Black "Krze, Nina"]
[Result "1-0"]
[WhiteElo "1526"]
[BlackElo "1500"]
[PlyCount "101"]
[EventDate "2008.02.24"]
[EventType "swiss"]
[EventRounds "9"]
[EventCountry "SLO"]
[SourceTitle "EXT 2010"]
[Source "ChessBase"]
[SourceDate "2010.11.25"]
[SourceVersion "1"]
[SourceVersionDate "2010.11.25"]
[SourceQuality "1"]

1. e4 d5 2. exd5 Qxd5 3. Nc3 Qa5 4. Nf3 Nf6 5. Be2 c6 6. a3 Bf5 7. b4 Qc7 8. 0-0 e6 9. d3 Be7 10. Bg5 Nbd7 11. Nh4 h6 12. Be3 Nd5 13. Nxd5 cxd5 14. Nxf5 exf5 15. g3 0-0 16. Bf4 Qc6 17. Bf3 Bf6 18. Ra2 Rfe8 19. c4 Nb6 20. Be3 Nc8 21. Bxd5 Qc7 22. Bf4 Qd7 23. Re1 Nb6 24. Rxe8+ Rxe8 25. Bf3 Bc3 26. Re2 Rd8 27. c5 Nd5 28. Bd6 Nf6 29. Re7 Qc8 30. Bxb7 Qd7 31. Rxd7 Rxd7 32. Bc6 Rd8 33. Qa4 Ne8 34. Bxe8 Bf6 35. Bb5 Ra8 36. Qa6 g5 37. Qb7 Rd8 38. Qxa7 Kg7 39. Be7 Bxe7 40. Qxe7 Rg8 41. c6 f4 42. c7 fxg3 43. fxg3 Kg6 44. Qd7 f6 45. c8Q Rxc8 46. Qxc8 Kh7 47. d4 f5 48. Qxf5+ Kg7 49. Bc4 Kh8 50. Qf7 h5 51. Qg8# 1-0

[Event "SLO-ch U14 Girls"]
[Site "Postojna"]
[Date "2008.02.24"]
[Round "1"]
[White "Tihole, Petra"]
[Black "Janezic, Eva"]
[Result "1-0"]
[WhiteElo "1526"]
[BlackElo "1500"]
[PlyCount "63"]
[EventDate "2008.02.24"]
[EventType "swiss"]
[EventRounds "9"]
[EventCountry "SLO"]
[SourceTitle "EXT 2010"]
[Source "ChessBase"]
[SourceDate "2010.11.25"]
[SourceVersion "1"]
[SourceVersionDate "2010.11.25"]
[SourceQuality "1"]

1. e4 c5 2. Nf3 Nc6 3. Bb5 a6 4. Bxc6 dxc6 5. h3 g6 6. c3 Bg7 7. d4 cxd4 8. Nxd4 Bxd4 9. Qxd4 Qxd4 10. cxd4 Nf6 11. Nc3 0-0 12. e5 Nd5 13. Nxd5 cxd5 14. 0-0 e6 15. Bg5 b5 16. Rac1 Bb7 17. Rc7 Rab8 18. Rfc1 Rfc8 19. Be7 Rxc7 20. Rxc7 Ba8 21. Ra7 Kg7 22. Rxa6 Rb7 23. Bf6+ Kh6 24. Rxa8 Rc7 25. g4 Rc4 26. Rb8 b4 27. a3 bxa3 28. bxa3 Rxd4 29. Rb4 Rxb4 30. axb4 g5 31. b5 d4 32. Kf1 1-0

[Event "SLO-ch U14 Girls"]
[Site "Murska Sobota"]
[Date "2007.03.01"]
[Round "7"]
[White "Kolaric, Spela"]
[Black "Tihole, Petra"]
[Result "1-0"]
[WhiteElo "1827"]
[BlackElo "1500"]
[PlyCount "75"]
[EventDate "2007.02.25"]
[EventType "swiss"]
[EventRounds "9"]
[EventCountry "SLO"]
[SourceTitle "CBM 117 Extra"]
[Source "ChessBase"]
[SourceDate "2007.05.09"]
[SourceVersion "1"]
[SourceVersionDate "2007.05.09"]
[SourceQuality "1"]

1. e4 Nc6 2. Nf3 e5 3. d4 Nxd4 4. Nxd4 exd4 5. Qxd4 d6 6. Bf4 c5 7. Qd2 Be6 8. Nc3 Nf6 9. Nb1 Ng8 10. Bb5+ Bd7 11. Bxd7+ Qxd7 12. Nc3 Nf6 13. Rd1 Be7 14. 0-0 Rd8 15. Rfe1 0-0 16. Nd5 Nxd5 17. Qxd5 Qe6 18. b3 Qxd5 19. Rxd5 b6 20. Red1 h6 21. Bxd6 Bxd6 22. Rxd6 Rxd6 23. Rxd6 Re8 24. f3 f6 25. Kf2 Kf7 26. Rd7+ Re7 27. Rxe7+ Kxe7 28. Ke3 g5 29. f4 g4 30. h3 gxh3 31. gxh3 Ke6 32. Kf3 Kf7 33. Kg4 Kg7 34. Kf5 a5 35. a4 h5 36. h4 Kf7 37. e5 fxe5 38. Kxe5 1-0

[Event "SLO-ch U14 Girls"]
[Site "Murska Sobota"]
[Date "2007.03.01"]
[Round "8"]
[White "Tihole, Petra"]
[Black "Janezic, Eva"]
[Result "1-0"]
[WhiteElo "1500"]
[BlackElo "1500"]
[PlyCount "65"]
[EventDate "2007.02.25"]
[EventType "swiss"]
[EventRounds "9"]
[EventCountry "SLO"]
[SourceTitle "CBM 117 Extra"]
[Source "ChessBase"]
[SourceDate "2007.05.09"]
[SourceVersion "1"]
[SourceVersionDate "2007.05.09"]
[SourceQuality "1"]

1. e4 e5 2. Nf3 Nc6 3. Bc4 h6 4. h3 Nf6 5. Nc3 Bb4 6. d3 Bxc3+ 7. bxc3 0-0 8. 0-0 d6 9. Re1 Be6 10. Bb3 d5 11. exd5 Bxd5 12. Nxe5 Nxe5 13. Rxe5 Bc6 14. Ba3 Re8 15. Rxe8+ Qxe8 16. Qe1 Qd8 17. Be7 Qd7 18. Bxf6 gxf6 19. Qd2 Kh7 20. Re1 Qf5 21. Bxf7 Qg5 22. Qxg5 hxg5 23. Re7 Kh6 24. Rxc7 Rd8 25. Be6 Re8 26. Bf5 Rh8 27. Be4 Bxe4 28. dxe4 Rd8 29. Rxb7 Rd2 30. Rxa7 Rxc2 31. Ra3 Rc1+ 32. Kh2 Rc2 33. Kg3 1-0

[Event "SLO-ch U14 Girls"]
[Site "Murska Sobota"]
[Date "2007.02.26"]
[Round "3"]
[White "Tihole, Petra"]
[Black "Gornik, Janja"]
[Result "1/2-1/2"]
[WhiteElo "1500"]
[BlackElo "1533"]
[PlyCount "67"]
[EventDate "2007.02.25"]
[EventType "swiss"]
[EventRounds "9"]
[EventCountry "SLO"]
[SourceTitle "CBM 117 Extra"]
[Source "ChessBase"]
[SourceDate "2007.05.09"]
[SourceVersion "1"]
[SourceVersionDate "2007.05.09"]
[SourceQuality "1"]

1. e4 e5 2. Nf3 Nc6 3. Bc4 Bc5 4. d3 h6 5. Nc3 d6 6. h3 Nf6 7. 0-0 Be6 8. Bxe6 fxe6 9. Re1 0-0 10. Be3 Bxe3 11. Rxe3 Qe7 12. Re1 d5 13. Nh4 Qe8 14. f3 Qh5 15. g3 Qg5 16. Ne2 Nd4 17. Kh2 Nh5 18. Rg1 Nxf3+ 19. Nxf3 Rxf3 20. Qe1 Raf8 21. a3 Rf2+ 22. Rg2 Qe3 23. Kh1 R8f3 24. Ng1 Qxe1 25. Rxe1 Rf8 26. g4 Rxg2 27. Kxg2 Nf4+ 28. Kg3 g5 29. exd5 exd5 30. Rxe5 Kg7 31. Ne2 Nxe2+ 32. Rxe2 c6 33. d4 Rf4 34. c3 1/2-1/2